[Event "Bucaramanga Departamental op"]
[Site "Bucaramanga"]
[Date "2012.12.02"]
[Round "5"]
[White "Hernandez Gutierrez, Jesus Socra"]
[Black "Navas, Gildardo"]
[Result "0-1"]
[WhiteElo "1600"]
[BlackElo "1498"]
[PlyCount "33"]
[EventDate "2012.11.30"]
[EventType "swiss"]
[EventRounds "6"]
[EventCountry "COL"]
[SourceTitle "CBM 151 Extra"]
[Source "ChessBase"]
[SourceDate "2012.12.18"]
[SourceVersion "1"]
[SourceVersionDate "2012.12.18"]
[SourceQuality "1"]

1. d4 d5 2. Nf3 Bf5 3. a3 Nc6 4. Nc3 e6 5. Bf4 Nf6 6. Nd2 Bd6 7. Be5 Bxe5 8. dxe5 Nd7 9. f4 Qe7 10. e3 Nb6 11. b4 Nd8 12. b5 0-0 13. Be2 Rc8 14. a4 Qb4 15. a5 Qxc3 16. axb6 cxb6 17. Kf2 0-1

[Event "Bucaramanga Departamental op"]
[Site "Bucaramanga"]
[Date "2012.12.01"]
[Round "3"]
[White "Hernandez Gutierrez, Jesus Socra"]
[Black "Martinez, Juan Cristobal"]
[Result "0-1"]
[WhiteElo "1600"]
[BlackElo "1857"]
[PlyCount "34"]
[EventDate "2012.11.30"]
[EventType "swiss"]
[EventRounds "6"]
[EventCountry "COL"]
[SourceTitle "CBM 151 Extra"]
[Source "ChessBase"]
[SourceDate "2012.12.18"]
[SourceVersion "1"]
[SourceVersionDate "2012.12.18"]
[SourceQuality "1"]

1. e4 e5 2. c4 c5 3. Nc3 Nf6 4. d3 Nc6 5. Nf3 d6 6. Be3 Be7 7. Be2 Ng4 8. Qd2 Nd4 9. Nd5 Nxe3 10. fxe3 Nxe2 11. Qxe2 0-0 12. 0-0 Be6 13. Qd2 Bxd5 14. cxd5 Qb6 15. b3 a5 16. a4 f5 17. exf5 Rxf5 0-1

[Event "Parla op 25th"]
[Site "Parla"]
[Date "2010.09.05"]
[Round "2"]
[White "Fernandez Cabello, Emilio"]
[Black "Hernandez Gutierrez, Jesus Socra"]
[Result "0-1"]
[WhiteElo "1809"]
[BlackElo "1975"]
[PlyCount "46"]
[EventDate "2010.09.04"]
[EventType "swiss"]
[EventRounds "9"]
[EventCountry "ESP"]
[SourceTitle "CBM 138 Extra"]
[Source "ChessBase"]
[SourceDate "2010.10.29"]
[SourceVersion "1"]
[SourceVersionDate "2010.10.29"]
[SourceQuality "1"]

1. e4 c6 2. d4 d5 3. e5 Bf5 4. Nf3 e6 5. Be2 c5 6. Bb5+ Nc6 7. Bxc6+ bxc6 8. Qe2 Qb6 9. c3 cxd4 10. Nxd4 Bg6 11. a4 a5 12. Na3 Bc5 13. Be3 Ne7 14. Ndc2 Bxe3 15. Nxe3 Rb8 16. Nd1 0-0 17. 0-0 Qb3 18. Kh1 Qxa4 19. Nc2 Qxc2 20. Qxc2 Bxc2 21. Ne3 Rxb2 22. Rxa5 Bd3 23. Rc1 Rxf2 0-1

[Event "Parla op 25th"]
[Site "Parla"]
[Date "2010.09.04"]
[Round "1"]
[White "Hernandez Gutierrez, Jesus Socra"]
[Black "Pina Sierra, Jesus"]
[Result "0-1"]
[WhiteElo "1975"]
[BlackElo "2021"]
[PlyCount "100"]
[EventDate "2010.09.04"]
[EventType "swiss"]
[EventRounds "9"]
[EventCountry "ESP"]
[SourceTitle "CBM 138 Extra"]
[Source "ChessBase"]
[SourceDate "2010.10.29"]
[SourceVersion "1"]
[SourceVersionDate "2010.10.29"]
[SourceQuality "1"]

1. e4 c5 2. Nf3 Nc6 3. d4 cxd4 4. Nxd4 Nf6 5. Nc3 e5 6. Ndb5 d6 7. Bg5 a6 8. Na3 b5 9. Nd5 Be7 10. Bxf6 Bxf6 11. c3 Bg5 12. Bd3 0-0 13. Nc2 Be6 14. Nce3 Ne7 15. Bc2 Bxe3 16. Nxe3 d5 17. exd5 Nxd5 18. Qd3 Nf6 19. Qxd8 Rfxd8 20. a4 b4 21. cxb4 Rab8 22. b5 axb5 23. a5 b4 24. b3 Rb5 25. Ke2 Ra8 26. Rhd1 g6 27. Nc4 Bxc4+ 28. bxc4 Rc5 29. Rd6 Kg7 30. Rb6 Rxc4 31. Bd3 Rc5 32. a6 e4 33. Bb1 Nd5 34. Rb7 Rc1 35. Kd2 Rf1 36. Bxe4 Rxa1 37. Bxd5 Rd8 38. Rb5 Rxa6 39. Ke3 Rdd6 40. Bb3 Rdb6 41. Rd5 Ra3 42. Rd3 Rc6 43. Kd2 Kf8 44. Rf3 f5 45. g4 Rc5 46. gxf5 Rxf5 47. Rxf5+ gxf5 48. Be6 Ra5 49. Bb3 Ke7 50. Kc1 Ra3 0-1

[Event "Chapingo Aeamac 2nd"]
[Site "Chapingo"]
[Date "2008.08.28"]
[Round "1.7"]
[White "Garmendez Gonzalez, Florentino"]
[Black "Hernandez Gutierrez, Jesus Socra"]
[Result "1-0"]
[WhiteElo "2312"]
[BlackElo "2008"]
[PlyCount "61"]
[EventDate "2008.08.28"]
[EventType "swiss"]
[EventRounds "6"]
[EventCountry "MEX"]
[EventCategory "1"]
[SourceTitle "EXT 2024"]
[Source "ChessBase"]
[SourceDate "2023.10.10"]
[SourceVersion "1"]
[SourceVersionDate "2023.10.10"]
[SourceQuality "1"]

1. e4 c6 2. d4 g6 3. f4 Bg7 4. c3 d6 5. Nf3 Qc7 6. Bc4 e6 7. e5 d5 8. Bb3 Ne7 9. Nbd2 Nd7 10. Nf1 b5 11. a4 a5 12. axb5 cxb5 13. Ne3 Nb6 14. Bc2 Bb7 15. Bd3 Bc6 16. Qe2 Qd7 17. 0-0 h5 18. b3 a4 19. bxa4 bxa4 20. Ba3 Nf5 21. Nxf5 gxf5 22. Qf2 Bf8 23. Bxf8 Rxf8 24. Qh4 Qe7 25. Qxh5 a3 26. Ng5 Kd8 27. Qe2 Ke8 28. Rfb1 Qa7 29. Qh5 Nc4 30. Bxc4 dxc4 31. Qh6 1-0

[Event "Wch U18 5th"]
[Site "Guarapuava"]
[Date "1991.07.??"]
[Round "3"]
[White "Hernandez Gutierrez, Jesus Socra"]
[Black "Nielsen, Peter Heine"]
[Result "1/2-1/2"]
[WhiteElo "2305"]
[BlackElo "2365"]
[PlyCount "62"]
[EventDate "1991.07.16"]
[EventType "swiss"]
[EventRounds "11"]
[EventCountry "BRA"]
[SourceTitle "EXT 2022"]
[Source "ChessBase"]
[SourceDate "2021.10.06"]
[SourceVersion "1"]
[SourceVersionDate "2021.10.06"]
[SourceQuality "1"]

1. d4 Nf6 2. Nf3 g6 3. c4 Bg7 4. Nc3 0-0 5. e4 d6 6. Be2 e5 7. 0-0 Nc6 8. d5 Ne7 9. Nd2 a5 10. a3 Bd7 11. b3 c5 12. Rb1 Ne8 13. Qc2 f5 14. b4 axb4 15. axb4 b6 16. bxc5 bxc5 17. Nb3 f4 18. f3 g5 19. Bd2 Ng6 20. Ra1 Rxa1 21. Rxa1 h5 22. Nb5 g4 23. Be1 Rf7 24. Ra6 Bf8 25. Nxc5 Qc8 26. Nxd7 Qxa6 27. Nxf8 Nxf8 28. fxg4 Qa1 29. Qd1 Qa2 30. g5 f3 31. gxf3 Ng6 1/2-1/2

[Event "Wch U18 5th"]
[Site "Guarapuava"]
[Date "1991.07.??"]
[Round "2"]
[White "Vescovi, Giovanni P"]
[Black "Hernandez Gutierrez, Jesus Socra"]
[Result "1-0"]
[WhiteElo "2260"]
[BlackElo "2305"]
[PlyCount "37"]
[EventDate "1991.07.16"]
[EventType "swiss"]
[EventRounds "11"]
[EventCountry "BRA"]
[SourceTitle "EXT 2022"]
[Source "ChessBase"]
[SourceDate "2021.10.06"]
[SourceVersion "1"]
[SourceVersionDate "2021.10.06"]
[SourceQuality "1"]

1. e4 c5 2. Nf3 d6 3. d4 cxd4 4. Qxd4 Nc6 5. Bb5 Bd7 6. Bxc6 Bxc6 7. Nc3 e5 8. Qd3 Nf6 9. Bg5 Be7 10. Bxf6 gxf6 11. 0-0-0 Qa5 12. Nh4 Rc8 13. Nf5 Qc5 14. Rd2 Rd8 15. Rhd1 a5 16. Nd5 Bxd5 17. Qxd5 Qb6 18. Rd3 Qc7 19. Rc3 1-0